000 01991nam a2200337Ia 4500
001 H0804
003 IT-RoPAU
008 130308s9999 xx 000 0 und d
040 _aIT-RoPAU
040 _cIT-RoPAU
041 _aITALIANO
100 _aBriggs Asa
100 _gCodice Aut. SPICS: 44719
240 _aA SOCIAL HISTORY OF THE MEDIA. FROM GUTENBERG to THE INTERNET
240 _gCodice Tit. Orig. Spics: T3308
245 _aStoria sociale dei media. da Gutenberg a internet
245 _bStoria Sociale dei Media. da Gutenberg a Internet
250 _a1a ed.
260 _aBOLOGNA
260 _bIl Mulino
260 _c2002 [1° Ed.:2002 - Ed.Ling.Originale:2000]
300 _a"466 p. (prefazione: no ; testo: 466 [pagine: 0-0])"
500 _aRivoluzione della Stampa e suo Contesto: vie di Comunicazione, impero e Comunicazione, comunicazioni Transatlantiche, Comunicazione Orale e Scritta, Linguaggi della Comunicazione, Comunicazione visiva e Multimediale, Interazioni tra Media, censura e Comunicazione Clandestina, Avvento del Mercato, Storia della Lettura. Media e sfera Pubblica nell'Europa dell'Età moderna: Riforma, Guerre di Religione e Rivolta dei paesi Bassi, Illuminismo e Rivoluzione in Francia, tipologie della sfera Pubblica, commercio Inustria e Comunicazione. Dal Vapore All'Elettricità. Processi e Modelli: Ferrovie, Navi, Posta, Telegrafo, Telefoni, Radiofonia, Cinema e Televisione, Grammofoni.Informare, Educare, Intrattenere: Quarto Potere la Stampa, Età del Broadcasting, Età della Televisione, giudizi e Ricerche, Dinamiche del Mutamento, Società dell'Informazione. Convergenza: Computer, satelliti Artificiali,Cavo, Informazione Video, Internet. Conclusione: nel Ciberspazio? Cronologia. Bibliografia. indice dei Nomi.
650 _aSTORIA DELLA COMUNICAZIONE SOCIALE
650 _eCodice materia Spics: 3808
700 _aBurke Peter
700 _gCodice Aut. SPICS: 8685
942 _cBK
957 _71
999 _c89811
_d89811
999 _g1